The sketch-book of Geoffrey Craon, gent /

Spremljeno u:
Bibliografski detalji
Glavni autor: Irving, Washington.
Format: Sách giấy
Jezik:English
Izdano: New York : Clarke, Given and Hooper, [19??].
Teme:
Oznake: Dodaj oznaku
Bez oznaka, Budi prvi tko označuje ovaj zapis!
Thư viện lưu trữ: Thư viện Trường Đại học Đà Lạt
LEADER 00729nam a2200301 4500
001 DLU110119993
005 ##20110419
040 # # |a DLU  |b vie 
041 # # |a eng 
044 # # |a vn 
082 # # |a 818  |b IR-W 
100 # # |a Irving, Washington. 
245 # # |a The sketch-book of Geoffrey Craon, gent /  |c Washington Irving. 
260 # # |a New York :  |b Clarke, Given and Hooper,  |c [19??]. 
300 # # |a 337 tr. ;  |c  21cm. 
653 # # |a American literature 
653 # # |a American prose literature 
923 # # |a 01/2011NN 
991 # # |a GT 
992 # # |a 0 
994 # # |a KNN 
900 # # |a True 
911 # # |a Đào Thị Thu Huyền 
925 # # |a G 
926 # # |a A 
927 # # |a SH 
980 # # |a Thư viện Trường Đại học Đà Lạt